|
|
|
|
| LEADER |
00845nam a22001937a 4500 |
| 020 |
|
|
|a 978-81-7638-050-8
|
| 082 |
|
|
|b NEL/B
|a 894.M107
|
| 100 |
|
|
|a നെൽസണ് വെള്ളിമണ്
|9 259101
|
| 100 |
|
|
|a Nelson Vellimon
|9 259102
|
| 240 |
|
|
|a Bharatheeya Kavithrayam
|
| 245 |
|
|
|a ഭാരതീയ കവിത്രയം
|b കബീ൪ദാസ്, സൂ൪ദാസ്, തുളസിദാസ്
|
| 250 |
|
|
|a 1st
|
| 260 |
|
|
|a Trivandrum;
|b State Institute of Language;
|c 2011
|
| 300 |
|
|
|a 109p.
|
| 650 |
|
|
|a മലയാളം;കവിത പഠനങ്ങള്
|9 259103
|
| 650 |
|
|
|a Malayalam; Poetry Study
|9 259104
|
| 942 |
|
|
|c BK
|
| 999 |
|
|
|c 48785
|d 48785
|
| 952 |
|
|
|0 0
|1 0
|4 0
|6 894_000000000000000_M107_NEL_B
|7 0
|8 POES
|9 57493
|a MAL
|b MAL
|d 2016-02-29
|e 54757
|g 60.00
|l 0
|o 894.M107 NEL/B
|p MAL054757
|r 2016-02-29
|t 1
|w 2016-02-29
|y BK
|